Presupuesto y control (Registro nro. 94)

Detalles MARC
000 -LEADER
fixed length control field 01250 a2200253 4500
001 - CONTROL NUMBER
control field 123
005 - DATE AND TIME OF LATEST TRANSACTION
control field 20260407155413.0
008 - FIXED-LENGTH DATA ELEMENTS--GENERAL INFORMATION
fixed length control field 260407a2005 arg spa d
003 - CONTROL NUMBER IDENTIFIER
control field AR-UNSa-BCEJYS
040 ## - CATALOGING SOURCE
Original cataloging agency AR-UNSa-BCEJYS
Language of cataloging spa
Transcribing agency AR-UNSa-BCEJYS
080 ## - UNIVERSAL DECIMAL CLASSIFICATION NUMBER
Universal Decimal Classification number 336.14
Common auxiliary subdivision Presupuesto público. Presupuesto nacional
020 ## - INTERNATIONAL STANDARD BOOK NUMBER
International Standard Book Number 978-987-1140-32-9
100 1# - MAIN ENTRY--PERSONAL NAME
Personal name Petrei, Humberto A.
245 10 - TITLE STATEMENT
Title Presupuesto y control
Name of part/section of a work las mejores prácticas para América Latina
250 ## - EDITION STATEMENT
Edition statement 1a. ed
264 #1 - PRODUCTION, PUBLICATION, DISTRIBUTION, MANUFACTURE, AND COPYRIGHT NOTICE
Place of production, publication, distribution, manufacture Buenos Aires :
Name of producer, publisher, distributor, manufacturer Osmar D. Buyatti
Date of production, publication, distribution, manufacture, or copyright notice 2005
300 ## - PHYSICAL DESCRIPTION
Extent 409 p.
Dimensions 23 cm.
505 ## - FORMATTED CONTENTS NOTE
Formatted contents note 1. Discusión de las teorías centrales - 2. Australia - 3. Canadá - 4. Estados Unidos de América - 5. Nueva Zelanda - 6. Reino Unido - 7. Suecia - 8. Argentina - 9. Brasil - 10. Chile - 11. Colombia - 12. México - 13. La integralidad del presupuesto - 14. Previsibilidad - 15. En pos de resultados - 16. Transparencia - 17. Gobierno electrónico - 18. Control - 19. La economía política del presupuesto
590 ## - LOCAL NOTE (RLIN)
Local note niveau_biblio:m niveau_hierar:0
700 1# - ADDED ENTRY--PERSONAL NAME
Personal name Ratner, Gabriel
700 1# - ADDED ENTRY--PERSONAL NAME
Personal name Petrei, Romeo E.
856 41 - ELECTRONIC LOCATION AND ACCESS
Uniform Resource Identifier <a href="https://biblioeco.unsa.edu.ar/pmb/images/libros/Presupuesto y Control(Humberto Petrei).jpg">https://biblioeco.unsa.edu.ar/pmb/images/libros/Presupuesto y Control(Humberto Petrei).jpg</a>
Link text Imagen de portada
Electronic format type image/jpeg
942 ## - ADDED ENTRY ELEMENTS (KOHA)
Koha item type
Existencias
Withdrawn status Lost status Damaged status Not for loan Home library Current library Shelving location Date acquired Total checkouts Full call number Barcode Date last seen Price effective from Koha item type
        Biblioteca Prof. Eusebio Cleto del Rey Biblioteca Prof. Eusebio Cleto del Rey   07/04/2026   336.14 P493p L116286 07/04/2026 07/04/2026 Libro
        Biblioteca Prof. Eusebio Cleto del Rey Biblioteca Prof. Eusebio Cleto del Rey   07/04/2026   336.14 P493p L116287 07/04/2026 07/04/2026 Libro